Ultimate Italian Quiz - Statistics

General Stats
  • This quiz has been taken 24 times
    18 since last reset
  • The average score is 151 of 200
Answer Stats
English Italian % Correct
Food/Drink water acqua
100%
Common Verbs to go andare
100%
Common Verbs to have avere
100%
10 Basic phrases good evening buonasera
100%
Adjectives good buono
100%
Food/Drink coffee caffè
100%
10 Basic phrases hello ciao
100%
Numbers five cinque
100%
Question Words how come
100%
10 Basic phrases how are you? come stai?
100%
Numbers ten dieci
100%
Adjectives difficult difficile
100%
Common Verbs to say dire
100%
Question Words where dove
100%
Numbers two due
100%
Common Verbs to be essere
100%
Adjectives easy facile
100%
Common Verbs to do fare
100%
Food/Drink cheese formaggio
100%
Animals cat gatto
100%
Adjectives big grande
100%
10 Basic phrases thank you grazie
100%
Subject Pronouns I io
100%
Nationalities Italian Italiano
100%
Food/Drink milk latte
100%
Subject Pronouns she | you (formal) lei
100%
Subject Pronouns they loro
100%
Subject Pronouns he lui
100%
Numbers one thousand mille
100%
Colors black nero
100%
10 Basic phrases no no
100%
Subject Pronouns we noi
100%
Numbers nine nove
100%
Adjectives new nuovo
100%
Numbers eight otto
100%
Food/Drink bread pane
100%
Common Verbs to speak parlare
100%
Food/Drink fish pesce
100%
Adjectives small piccolo
100%
Common Verbs to take prendere
100%
Question Words when quando
100%
Numbers four quattro
100%
Colors red rosso
100%
Numbers six sei
100%
Numbers seven sette
100%
10 Basic phrases yes
100%
Numbers three tre
100%
Adjectives sad triste
100%
Subject Pronouns you (informal) tu
100%
Numbers one uno
100%
Adjectives old vecchio
100%
Common Verbs to come venire
100%
Colors green verde
100%
Food/Drink wine vino
100%
Common Verbs to want volere
100%
Food/Drink sugar zucchero
100%
Months august agosto
80%
Months april aprile
80%
10 Basic phrases goodbye arrivederci
80%
Colors white bianco
80%
Transportation/Travel bicycle bicicletta
80%
Transportation/Travel ticket biglietto
80%
Colors blue blu
80%
Body Parts arm braccio
80%
Food/Drink butter burro
80%
Weather hot caldo
80%
Animals dog cane
80%
Numbers one hundred cento
80%
Question Words who chi
80%
Household Items kitchen cucina
80%
Body Parts heart cuore
80%
Household Items couch divano
80%
Days of the week sunday domenica
80%
Adjectives happy felice
80%
Family Members daughter figlia
80%
Family Members son figlio
80%
Household Items window finestra
80%
Fruits and Vegetables strawberry fragola
80%
Family Members brother fratello
80%
Weather cold freddo
80%
Body Parts leg gamba
80%
Colors yellow giallo
80%
Nationalities Indian Indiano
80%
Nationalities English Inglese
80%
Seasons winter inverno
80%
Household Items bed letto
80%
Days of the week monday lunedì
80%
Family Members mother madre
80%
Months may maggio
80%
Body Parts hand mano
80%
Colors brown marrone
80%
Fruits and Vegetables apple mela
80%
Around a City store/shop negozio
80%
Weather snow neve
80%
Family Members grandmother nonna
80%
Family Members grandfather nonno
80%
Months november novembre
80%
Body Parts eye occhio
80%
Around a City hospital ospedale
80%
Family Members father padre
80%
Around a City park parco
80%
Transportation/Travel passport passaporto
80%
Fruits and Vegetables potato patata
80%
Question Words why perché
80%
10 Basic phrases please per favore
80%
Around a City square/plaza piazza
80%
Food/Drink chicken pollo
80%
Fruits and Vegetables tomato pomodoro
80%
Around a City bridge ponte
80%
Common Verbs can/to be able to potere
80%
10 Basic phrases you're welcome prego
80%
Seasons spring primavera
80%
Numbers fourty quaranta
80%
Colors pink rosa
80%
Days of the week saturday sabato
80%
Common Verbs to know sapere
80%
10 Basic phrases excuse me scusi
80%
Weather sun sole
80%
Family Members sister sorella
80%
Nationalities Spanish Spagnolo
80%
Household Items mirror specchio
80%
Transportation/Travel station stazione
80%
Around a City street strada
80%
Nationalities German Tedesco
80%
Numbers thirty trenta
80%
Food/Drink egg uovo
80%
Common Verbs to see vedere
80%
Weather wind vento
80%
Transportation/Travel trip/travel viaggio
80%
Subject Pronouns you (plural/informal) voi
80%
Family Members aunt zia
80%
Family Members uncle zio
80%
Transportation/Travel plane aereo
60%
Colors orange arancia
60%
Household Items cupboard armadio
60%
Transportation/Travel car auto
60%
Household Items bathroom bagno
60%
Body Parts mouth bocca
60%
Body Parts hair capelli
60%
Animals horse cavallo
60%
Numbers fifty cinquanta
60%
Months december dicembre
60%
Seasons summer estate
60%
Months february febbraio
60%
Nationalities French Francese
60%
Months january gennaio
60%
Colors grey grigio
60%
Adjectives smart intelligente
60%
Fruits and Vegetables lemon limone
60%
Months july luglio
60%
Days of the week tuesday martedì
60%
Months march marzo
60%
Days of the week wednesday mercoledì
60%
Nationalities Mexican Messicano
60%
Animals cow mucca
60%
Numbers ninety novanta
60%
Body Parts ear orecchio
60%
Numbers eighty ottanta
60%
Months october ottobre
60%
Fruits and Vegetables peach pesca
60%
Body Parts foot piede
60%
Weather rain pioggia
60%
Question Words which quale
60%
Question Words how many quanti
60%
Nationalities Russian Russo
60%
Household Items chair sedia
60%
Numbers sixty sessanta
60%
Numbers seventy settanta
60%
Months september settembre
60%
Adjectives tired stanco
60%
Household Items carpet tappeto
60%
Weather storm tempesta
60%
Animals mouse topo
60%
Food/Drink cake torta
60%
Animals bird uccello
60%
Days of the week friday venerdì
60%
Transportation/Travel boat barca
40%
Fruits and Vegetables carrot carota
40%
Nationalities Chinese Cinese
40%
Question Words what cosa
40%
Adjectives expensive costoso
40%
Nationalities Japanese Giapponese
40%
Days of the week thursday giovedì
40%
Months june giugno
40%
Animals pig maiale
40%
Body Parts nose naso
40%
Fruits and Vegetables pear pera
40%
Numbers twenty venti
40%
Colors purple viola
40%
Seasons fall autumno
20%
Household Items bedroom camera da letto
20%
Adjectives bad cattivo
20%
Around a City city center centro città
20%
Around a City shopping mall centro commerciale
20%
Animals rabbit coniglio
20%
Around a City city hall municipio
20%
Weather cloud nuvola
20%
Around a City neighborhood quartiere
20%
Transportation/Travel suitcase valigia
20%
No matching quizzes found
Score Distribution
Percent of People with Each Score
Percentile by Number Answered
Your Score History
You have not taken this quiz since the last reset